000 00853nam a2200301Ia 4500
003 OSt
005 20221007125445.0
006 a|||||r|||| 00| 0
007 ta
008 221006b |||||||| |||| 00| 0 eng d
020 _a1898563713
024 _a1657
037 _cTextual
040 _aCDL
_cCDL
_beng
041 _2eng
_aeng
082 _aE1, P2 Carc
100 _aSiekierski Slawomir
_9721962
245 0 _aConcise chemistry of the elements
_b Burgess John
260 _aChichester
_bHorwood Publishing Limited
_c2002
300 _ax, 198p.
_ccm.
500 _a Index 196-198p.
650 _a Chemistry
650 _a Concise
_9721963
650 _aInorganic
700 _a Burgess John
_9721699
942 _hE1, P2 Carc
_cTEXL
_2CC
999 _c1215308
_d1215308